000 00475nam a2200205Ia 4500
003 0100
008 130227s9999 xx 000 0 und d
040 _cARRUPELIB
050 _aBR1710.C45 1994
100 _aDe Sola Chervin, Ronda
245 4 _aThe kiss from the cross
260 _aMichigan
260 _bServant
260 _C1994
300 _a229p.
300 _b 21cm.
650 _bPhilosophers - Interviews
650 _cPhilosophy, Modern
942 _2lcc
_01
999 _c808
_d808